000 00633nam a2200241Ia 4500
005 20260430150205.0
008 008 250103s9999 xx 000 0 eng d
037 _aTheses
040 _aCRL
040 _beng
040 _ceng
041 _2eng
041 _aeng
084 _qCRL
100 _aChauhan Sonika Au.; Batra Poonam Gu.
_91236744
245 0 _aIdeas of diversity and social justice in the preparation of teachers
260 _c2021
300 _a280p.
650 _aEducation
700 _aUniversity of Delhi. Faculty of Education. Department of Education
942 _cTH
999 _c1849176
_d1849176